| 000 | 01057cam a2200193 4500500 | ||
|---|---|---|---|
| 005 | 20260322003828.0 | ||
| 041 | _afre | ||
| 042 | _adc | ||
| 100 | 1 | 0 |
_aVallée, Clarisse _eauthor |
| 700 | 1 | 0 |
_aLy, Anna _eauthor |
| 700 | 1 | 0 |
_aDupont, Charlotte _eauthor |
| 700 | 1 | 0 |
_aBachelot, Guillaume _eauthor |
| 245 | 0 | 0 | _aA not-unusual case of male genetic infertility |
| 260 | _c2023. | ||
| 500 | _a17 | ||
| 520 | _aFollowing a year of regular unprotected intercourse with his partner without achieving pregnancy, Mr. L. turned to his general practitioner. A semen analysis was carried out and no spermatozoa were found. After being referred to a male infertility specialist, the patient underwent a second test and a comprehensive assessment of his azoospermia. The azoospermia was confirmed and the genetic investigation revealed aneuploidy. | ||
| 786 | 0 | _nAnnales de Biologie Clinique | 81 | 6 | 2023-11-01 | p. 657-659 | 0003-3898 | |
| 856 | 4 | 1 | _uhttps://stm.cairn.info/journal-annales-de-biologie-clinique-2023-6-page-657?lang=en&redirect-ssocas=7080 |
| 999 |
_c1735337 _d1735337 |
||